| 000 | 00000nam 2200000za 4500 |
| 001 | 9.641902 |
| 003 | CaOODSP |
| 005 | 20221107134343 |
| 007 | cr ||||||||||| |
| 008 | 150407s1969||||xxca||||o f000 0 fre d |
| 040 | |aCaOODSP|bfre |
| 043 | |an-cn--- |
| 086 | 1 |aA43-953/1969F-PDF |
| 100 | 1 |aLawrence, C. H. |
| 245 | 10|aGale commune de la pomme de terre |h[ressource électronique] / |cC.H. Lawrence. |
| 250 | |aRévisé. |
| 260 | |aOttawa : |bMinistère de l'agriculture du Canada, |c1969. |
| 300 | |a2, [2] p. : |bill. |
| 500 | |aÉd. originale : 1958. |
| 500 | |aPublication historique numérisée par Agriculture et Agroalimentaire Canada. |
| 590 | |a13-17-Supp|b2013-07-25 |
| 691 | 07|aMaladie des plantes|2gcpds |
| 691 | 07|aPomme de terre|2gcpds |
| 710 | 1 |aCanada. |bMinistère de l'agriculture. |
| 795 | |tLa gale commune de la pomme de terre |w(CaOODSP)9.643465 |
| 856 | 40|ahttp://publications.gc.ca|qPDF|s349 Ko|uhttps://publications.gc.ca/collections/collection_2013/aac-aafc/agrhist/A43-953-1969-fra.pdf |
| 986 | |aPublication 953 |